000 01081nam a2200337 a 4500
001 vtls000184927
003 NLI
005 20210602111234.0
008 101125s1975 ii b 001 0 eng
020 _cRs. 50.00
039 9 _y201011252220
_zVLOAD
040 _aNLI
_beng
_cDatasoft 1
_eAACR2
041 0 _aeng
044 _aii
082 0 4 _a320.954
100 1 _aBaker,C. J.
_q(Christopher John),
_d1948-
_9359125
245 1 0 _aSouth India :
_bpolitical institutions and political change, 1880-1940 /
_cC. J. Baker [and] D. A. Washbrook
260 _aCalcutta :
_bMacmillan,
_c1975
300 _aix, 238 p. :
_bmap ;
_c23 cm.
500 _aIncludes index
500 _aLibrary has 2 cops.
651 0 _aIndia, South
_xPolitics and government
_9278623
700 1 _aWashbrook, D. A.,
_4jt. aut
_9359126
887 _a
901 _aDB27817
_b05.09.1975
901 _aDB33476
_b06.02.1978
_9c.2
902 _aE 320.954 B 171
942 _2ddc
_cBKS
949 _AVIRTUAITEM
_D10000
_X100
_6DBA000027817ENG
949 _AVIRTUAITEM
_D10000
_X100
_6DBA000033476ENG
999 _aVIRTUA40
_c190656
_d190656